000 00310nam a2200121Ia 4500
008 240126s9999 xx 000 0 und d
041 _aEnglish
245 0 _aGyan Management
260 _bGian Jyoti Institute of management & technology
_aPunjab
440 _aNULL
650 _aGyan,Management
942 _cJN
999 _c267676
_d267676